000 00431nam a2200157Ia 4500
008 210210b2016 xxu||||| |||| 00| 0 eng d
020 _a9788187471967
041 _aeng
082 _a923.7 SAVA
100 _aSAVADATTI (M I)
245 _aAminbhavis son: a former vice chancellor recollects
260 _aNew Delhi
_bStandard Publishers Distributors,
_c2016
300 _axvii,171
690 _aAutobiography
906 _a070592
999 _c120040
_d120040